| 000 | 00761nam a22002417a 4500 | ||
|---|---|---|---|
| 003 | OSt | ||
| 005 | 20251125101004.0 | ||
| 008 | 250702b |||||||| |||| 00| 0 eng d | ||
| 020 | _a978-971-9919-35-3 | ||
| 040 |
_aDWCL - Main lib _cOC |
||
| 082 | _aFil. 657.3 V173f 2013 | ||
| 100 | _aValix, Conrado T. | ||
| 245 |
_aFinancial accounting, volume 3/ _cConrado T. Valix |
||
| 250 | _a2013 rev. ed. | ||
| 260 |
_aManila : _bGIC Enterprises, _cc2013. |
||
| 300 |
_a999 p. ; _c 22 cm. |
||
| 504 | _aIncludes appendix. | ||
| 650 | _a1. Accounting--Examinations, questions, etc. | ||
| 650 | _a2. Accounting--Problems, exercises, etc. | ||
| 700 | _aJose F. Peralta | ||
| 700 | _aChristian Aris M. Valix | ||
| 942 |
_2ddc _cBK - FIL _e2013 rev. ed. _kFil. _n0 |
||
| 999 |
_c3342 _d3342 |
||